Geography Analogies- World - Statistics

General Stats
  • This quiz has been taken 262 times
  • The average score is 20 of 30
Answer Stats
Analogy Answer % Correct
Liechtenstein is to Austria and Switzerland as _______ is to France and Spain Andorra
93%
Norway is to Sweden as _______ is to Argentina Chile
92%
San Marino is to Italy as _______ is to South Africa Lesotho
88%
The Caucasus Mountains are to Georgia as the _______ are to Italy Alps
87%
Indonesia is to Papua New Guinea as _______ is to the Dominican Republic Haiti
87%
The Danube is to Vienna as the _______ is to Cairo Nile
86%
North Korea is to South Korea as _______ is to South Sudan Sudan
82%
Sardinia is to Italy as _______ is to France Corsica
81%
The Yangtze is to China as the _______ to the United States Mississippi
80%
The United Kingdom is to Ireland as _______ is to East Timor Indonesia
79%
The Panama Canal is to Panama as the _______ is to Egypt Suez Canal
75%
The Azores are to Portugal as the _______ are to Ecuador Galapagos
72%
Abidjan is to Côte D'Ivoire as _______ is to Nigeria Lagos
71%
Los Angeles is to the United States as _______ is to Australia Perth
70%
Brazzaville is to the Republic of Congo as _______ is to the DR Congo Kinshasa
67%
Madeira is to Portugal as the _______ are to Spain Canary Islands
65%
Hawaii is to the United States as _______ is to Chile Easter Island
64%
Yucatan is to Mexico as _______ is to the United States Florida
64%
Mayotte is to Comoros as the _______ are to Argentina Falkland Islands
63%
Ceuta and Melilla are to Morocco as _______ is to Spain Gibraltar
63%
Kosovo is to Serbia as _______ is to China Taiwan
61%
Honshu is to Japan as _______ is to the Philippines Luzon
58%
Calais is to France as _______ is to the United Kingdom Dover
56%
Hainan is to China as _______ is to Australia Tasmania
56%
The Seine is to Paris as the _______ is to Baghdad Tigris
55%
The Niagara Falls are to the United States as the _______ are to Argentina Iguazu Falls
44%
Macau was to China as _______ was to India Goa
40%
Bioko is to Equatorial Guinea as _______ is to Tanzania Zanzibar
31%
Kaliningrad is to Russia as _______ is to Angola Cabinda
20%
The Magdalena is to Colombia as the _______ is to Venezuela Orinoco
13%
No matching quizzes found
Score Distribution
Percent of People with Each Score
Percentile by Number Answered
Your Score History
You have not taken this quiz